000 00328nam a22001337a 4500
003 OSt
008 201120b ||||| |||| 00| 0 eng d
100 _aLAFORE, Robert
245 _aObject Oriented Programming in C++
260 _aNew Delhi
_bPearson
_c2020
300 _a1012
650 _aB.Sc Computer Science
942 _2ddc
_cBK
999 _c9315
_d9315